| 000 | 01006cam a2200301 a 4500 | ||
|---|---|---|---|
| 001 | 2455045 | ||
| 003 | OSt | ||
| 005 | 20250901165713.0 | ||
| 008 | 891227s1990 nyu 000 1 eng | ||
| 010 | _a 89046571 | ||
| 020 |
_a006016350X : _c$21.95 ($29.95 Can.) |
||
| 040 |
_aDLC _cDLC _dDLC _dOCoLC |
||
| 050 | 0 | 0 |
_aPS 3561 .I496 A86 1990 _bA86 1990 |
| 082 | 0 | 0 |
_a813/.54 _220 |
| 100 | 1 | _aKingsolver, Barbara. | |
| 245 | 1 | 0 |
_aAnimal dreams : _ba novel / _cby Barbara Kingsolver. |
| 250 | _a1st ed. | ||
| 260 |
_aNew York, NY : _bHarperCollins, _cc1990. |
||
| 300 |
_a342 p. ; _c24 cm. |
||
| 561 | _5DLC | ||
| 650 | 0 |
_aCourage _xFiction. |
|
| 655 | 7 |
_aLove stories. _2gsafd |
|
| 655 | 7 |
_aDomestic fiction. _2lcsh |
|
| 710 | 2 |
_aGene Berry and Jeffrey Campbell Collection (Library of Congress) _5DLC |
|
| 906 |
_a7 _bcbc _corignew _d1 _eocip _f19 _gy-gencatlg |
||
| 942 |
_2lcc _cBK |
||
| 999 |
_c8021 _d8021 |
||